| 000 | 00527nam a2200205 4500 | ||
|---|---|---|---|
| 999 |
_c8145 _d8145 |
||
| 001 | 8145 | ||
| 003 | BD - JhCC | ||
| 005 | 20180709120121.0 | ||
| 008 | 741222s1965 xxk 000 0 eng d | ||
| 035 | _a(BD - JhCC)8145 | ||
| 040 |
_aUKM _cUKM _dEQO _dBD - JhCC |
||
| 041 | _aeng | ||
| 082 | 0 | 4 |
_a604.2 _218 _bFRE 1965 |
| 100 | 1 | _aFreebury, Hubert Allen H. J | |
| 245 | 1 | 0 |
_aSimplified technical drawing / _c Hubert Allen Freebury, |
| 260 |
_bDent, _c1965. |
||
| 300 |
_a64 p. ; _c23 cm. |
||
| 942 |
_2ddc _cBK |
||